00422nam a2200169 a 450000100060000000300090000600800410001502000150005604000280007108200090009910000170010824500320012526000310015730000130018849000180020165000330021913404CO-ViMGA141112s2004 ck r 000 u spa d a958043624X aCO-ViMGAbspacCO-ViMGA04aKASs1 aKasza, Keiko10aLos secretos de abuelo sapo aBogotá : bNorma, c1997 a20 : ils aBuenas noches14aCUENTOS INFANTILES JAPONESES